000 01353cam a2200337 a 4500
003 CO-CtgCURN
005 20260407175001.0
008 051121s2019 ck gr 001 0 spaxd
015 _ack-2004-xxxx
020 _a9781456269821
020 _a1456269828
040 _aCO-CtgCURN
_bspa
_ccoctgcurn
041 1 _aspa
082 0 4 _a658.4
_bC532 2019
_223
100 1 _aChiavenato, Idalberto,
_d1929-
245 1 0 _aIntroducción a la teoría general de la administración /
_ctraducción, Carmén Leonor de la Fuente Chavéz, Elizabeth Lidia Montaño Serrano.
250 _aSeptima edicion.
260 _aMexico :
_bMcGraw-Hill,
_c2019.
300 _axxiv, 386 paginas.
500 _aIncluye bibliografía e Indice onomástico y analítico al final del texto.
590 _aGerencia en salud I (Medicina)
590 _aAdministración de los Servicios de Salud (Enfermería)
590 _aGerencia en salud II (Medicina)
590 _aAdministración en salud I (Medicina)
590 _aAdministración en salud II (Medicina)
650 1 4 _aAdministración de empresas
_vFundamentos.
700 1 _aFuentes Chávez, Carmen Leonor de la,
_etraductor.
700 1 _aMontaño Serrano, Elizabeth Lidia,
_etraductor.
942 _aBK
_cBK
_h658.4
_iC532 2019
_2ddc
999 _c24806
_d24806